书目信息 |
| 题名: |
数字测图实验实习指导
|
|
| 作者: | 王颖 , 连达军 , 严勇 编 | |
| 分册: | ||
| 出版信息: | 武汉 武汉大学出版社 2025.02 |
|
| 页数: | 154页 | |
| 开本: | 26cm | |
| 丛书名: | 高等学校测绘工程系列教材 | |
| 单 册: | ||
| 中图分类: | P283.7 | |
| 科图分类: | ||
| 主题词: | 数字化制图--shu zi hua zhi tu--高等学校--教材 | |
| 电子资源: | ||
| ISBN: | 978-7-307-24707-9 | |
| 000 | 01363nam 2200289 450 | |
| 001 | 91447 | |
| 005 | 20250817075217.92 | |
| 010 | @a978-7-307-24707-9@dCNY39.00 | |
| 100 | @a20250319d2025 em y0chiy50 ea | |
| 101 | 0 | @achi |
| 102 | @aCN@b420000 | |
| 105 | @aa a 000yy | |
| 106 | @ar | |
| 200 | 1 | @a数字测图实验实习指导@Ashu zi ce tu shi yan shi xi zhi dao@f王颖, 连达军, 严勇编 |
| 210 | @a武汉@c武汉大学出版社@d2025.02 | |
| 215 | @a154页@c图@d26cm | |
| 225 | 2 | @a高等学校测绘工程系列教材@Agao deng xue xiao ce hui gong cheng xi lie jiao cai |
| 320 | @a有书目 (第117页) | |
| 330 | @a本书内容包含四大部分。第一部分为数字测图实验与实习须知, 对实验实习准备工作、测量仪器、数据记录计算的相关规定进行了详细说明 ; 第二部分主要介绍数字测图的基本实验、工程测量实验、数字测图内业处理方法等, 共设计了21个典型实验 ; 第三部分是数字测图综合实习, 包括准备工作、技术设计、控制测量、碎部测量、数据处理和技术报告编制等内容, 按照实际工程的模式进行设计 ; 第四部分是附录, 安排了实验与实习中所使用的原始数据记录表格、内业计算表格、技术报告等, 以方便教学。 | |
| 410 | 0 | @12001 @a高等学校测绘工程系列教材 |
| 606 | 0 | @a数字化制图@Ashu zi hua zhi tu@x高等学校@j教材 |
| 690 | @aP283.7@v5 | |
| 701 | 0 | @a王颖@Awang ying@4编 |
| 701 | 0 | @a连达军@Alian da jun@4编 |
| 701 | 0 | @a严勇@Ayan yong@4编 |
| 801 | 0 | @aCN@c20250909 |
| 905 | @a河南城建学院图书馆@dP283.7@eW432@f1 | |
| 数字测图实验实习指导/王颖, 连达军, 严勇编.-武汉:武汉大学出版社,2025.02 |
| 154页:图;26cm.-(高等学校测绘工程系列教材) |
| ISBN 978-7-307-24707-9:CNY39.00 |
| 本书内容包含四大部分。第一部分为数字测图实验与实习须知, 对实验实习准备工作、测量仪器、数据记录计算的相关规定进行了详细说明 ; 第二部分主要介绍数字测图的基本实验、工程测量实验、数字测图内业处理方法等, 共设计了21个典型实验 ; 第三部分是数字测图综合实习, 包括准备工作、技术设计、控制测量、碎部测量、数据处理和技术报告编制等内容, 按照实际工程的模式进行设计 ; 第四部分是附录, 安排了实验与实习中所使用的原始数据记录表格、内业计算表格、技术报告等, 以方便教学。 |
| ● |
| 相关链接 |
|
|
|
正题名:数字测图实验实习指导
索取号:P283.7/W432
 
预约/预借
| 序号 | 登录号 | 条形码 | 馆藏地/架位号 | 状态 | 备注 |
| 1 | 1625409 | 216254096 | 自科库401/401自科库 125排2列2层/ [索取号:P283.7/W432] | 在馆 |